000 00646nam a2200229Ia 4500
003 OSt
005 20221007065009.0
006 a|||||r|||| 00| 0
007 ta
008 221006b |||||||| |||| 00| 0 eng d
024 _a26,752
037 _cTextual
040 _aFLL
_cFLL
_beng
041 _2eng
_aeng
082 _aX72:Z2y7N61, K2
100 _aBhargava U.K.
245 0 _aTaxation's year book & digest of tax cases and C.B.R. circulars 1962
260 _aDelhi
_bShri U.K. Bhargava India
_c1962
300 _a1-177p
_ccm.
942 _hX72:Z2y7N61, K2
_cTEXL
_2CC
999 _c1135981
_d1135981